01321nam a22003617a 4500001001000000003000900010005001700019007000300036008003400039040005400073041001000127072002500137090001900162100002900181110013300210245010400343260003900447300001000486500005800496650001600554650001300570650002500583650001700608650001100625650002300636650002600659650002800685650003400713909003600747942000700783999001700790952015200807BR0901996BR-BrBNA20230928102913.0ta230509b bl.||||| |||| 00| 0 por d aBR-BrBNAbporcBiblioteca Nacional de Agricultura a(Por) aE16; F04b1940b3820  1940 BR09019961 aOliveira Junior, M.P. de1 aUniversidade de Brasília, DF (Brasil). Faculdade de Agronomia e Medicina Veterinária0Tese (Mestre em Ciências Agrárias)1 aAnálise Econômica e produção de forragem de aveia preta em resposta a água e nitrogênio3 aBrasília, DF (Brasil): c]2008.  a33 p. aSummaries (Eng, Por); Several bibliography; 10 illus. aAVEIA PRETA aFORRAGEM aPRODUÇÃO VEGETAL aNITROGÊNIO aÁGUA aRESPOSTA DA PLANTA aANÁLISE ECONÔMICA aCRESCIMENTO ECONÔMICO aESTATÍSTICA DE PRODUÇÃO a202309bLuciac55dLucia Elande cBK c72913d72913 002AGRIS40708AGROBASEa41918b41918l0o 1940 BR0901996p1940 BR0901996r2023-09-25t01yBK10d2023-09-25ePortaria Interministerial nº 164/94